00389nam a22001457a 4500003000400000005001700004008004100021040000800062050001000070082001000080100001800090245008800108260003700196300001000233OSt20241021073915.0241021b |||||||| |||| 00| 0 eng d cDLC aM875A aM875A aMorris, Marc  aThe Anglo-Saxons:bA history of the beginnings of England 400-1066/cby Marc Morris aNew York:bPegasus Books,c2021. a508p.